| 000 | 00503nam a2200217Ia 4500 | ||
|---|---|---|---|
| 008 | 160525s9999||||xx |||||||||||||| ||und|| | ||
| 040 | _cEnglish | ||
| 082 | _aXV.G/Philosophers | ||
| 082 | _bBORI-71838 | ||
| 245 | 4 | _aThe Social Philosophers | |
| 300 | _a496 | ||
| 300 | _cA | ||
| 300 | _ePaperback | ||
| 530 | _u00071838.pdf | ||
| 563 | _aRef | ||
| 630 | _aThe Social Philosophers | ||
| 650 | _aBiography | ||
| 650 | _aReference | ||
| 730 | _aThe Social Philosophers | ||
| 942 | _cBOOK | ||
| 999 |
_c1382720 _d1382717 |
||